01049nam a2200253 a 450000100100000000500170001000800410002702000150006804000250008308200160010810000440012424501570016826000370032530000210036249000330038350000340041650400730045070000290052371000600055283000400061204900090065295201190066199900150078000000534320200929151640.0090819s1988 sp 001 0 spa d a8400068033 aDO-SdBNPbspacBNPHU axxxxbL864t1 aLópez Piñero, José María91514814aLos temas polémicos de la medicina renacentista :blas controversias (1556), de Francisco Valles /cJosé María López Piñero, Francisco Calero. aMadrid, España :bCSIC,c1988. a458 p. ;c22 cm.1 aEstudios sobre la cienciav1 aIncluye índice onomástico aIncluye referencias bibliográficas y notas al pie de las páginas1 aCalero, Francisco9151491 aConsejo Superior de Investigaciones Científicas94786 0aEstudios sobre la ciencian1915150 aBNPD 001054708MOaGRbGRcHDd2009-08-19iLF1l0oxxxx L864tp5343-10r2020-06-25w2020-06-25y4ZPréstamo en sala c5144d5144